书目信息 |
| 题名: |
化工小商品生产法
|
|
| 作者: | 詹益兴 主编 ;叶敏 编 | |
| 分册: | 第七集 | |
| 出版信息: | 长沙 湖南科学技术出版社 1991.3 |
|
| 页数: | 372页 | |
| 开本: | 19cm | |
| 丛书名: | ||
| 单 册: | ||
| 中图分类: | TQ-62 | |
| 科图分类: | ||
| 主题词: | 化学工业 | |
| 电子资源: | ||
| ISBN: | 7-5357-0829-3 | |
| 000 | 00664nam0 2200217 45 | |
| 001 | 0191018904 | |
| 005 | 20051114141413.85 | |
| 010 | @a7-5357-0829-3@dCNY4.85 | |
| 100 | @a19910730d1991 em y0chiy0121 ea | |
| 101 | 0 | @achi |
| 102 | @aCN@b430000 | |
| 105 | @ay z 000yy | |
| 200 | 10 | @a化工小商品生产法@AHUA GONG XIAO SHANG PIN SHENG CHAN FA@h第七集@f詹益兴主编@FZHAN YI XING ZHU BIAN@g叶敏等编@Gye min deng bian |
| 210 | @a长沙@c湖南科学技术出版社@d1991.3 | |
| 215 | @a372页@d19cm | |
| 606 | 0 | @a化学工业 |
| 690 | @aTQ-62 | |
| 701 | 0 | @a詹益兴@AZHAN YI XING@4主编 |
| 702 | 0 | @a叶敏@Aye min@4编 |
| 801 | 0 | @aCN@bNLC@c20051114 |
| 905 | @f1@b246740@dTQ-62@e15:7 | |
| 化工小商品生产法.第七集/詹益兴主编/叶敏等编.-长沙:湖南科学技术出版社,1991.3 |
| 372页;19cm |
| ISBN 7-5357-0829-3:CNY4.85 |
| ● |
| 相关链接 |
|
|
|
|
正题名:化工小商品生产法
索取号:TQ-62/15:7
 
预约/预借
| 序号 | 登录号 | 条形码 | 馆藏地/架位号 | 状态 | 备注 |
| 1 | 0246740 | 001646375 | 第三借阅区/ [索取号:TQ-62/15:7] | 在馆 | |
| 2 | 0246741 | 202146310 | 密集书库/ [索取号:TQ-62/15:7] | 在馆 | |
| 3 | 0246742 | 001646106 | 第二样本阅览室/ [索取号:TQ-62/15:7] | 在馆 |